000 00945nam a2200241 a 4500
001 BRCA_1038
005 20190320203243.0
008 010918s2001----u--a#####b---#000-0#eng-#
020 _a0300094558
040 _aDLC
_cDLC
_dDLC
041 _aeng
044 _au
050 4 _aNB1265
_b.B68 2001
100 1 _aBoucher, Bruce
_93422
245 1 0 _aEarth and Fire
_bItalian Terracotta Sculpture from Donatello to Canova
_cedited by Bruce Boucher ; with the collaboration of Peta Motture ... [et al.].
260 _aNew Haven
_bYale University Press
_cc2001
300 _a311 p.
_bil. (algunas a color)
_c28 cm.
500 _aCatálogo de la exposición realizada en The Museum of Fine Arts (Houston), 18 noviembre, 2001 - 3 febrero, 2002 y en Victoria and Albert Museum, 14 marzo - 7 julio, 2002
504 _aBibliografía : p. [291]-306
650 1 4 _aTerracotas italianas
_vExposiciones
_93423
700 1 _aMotture, Peta
_93424
942 _2lcc
_cB
999 _c917
_d917